000 00670nas a2200205 a 4500
005 20120109144910.0
020 _a8186895035
_c45.00
020 _a9788186895030
037 _bPUB
100 _aRao, Sandhya
_941018
245 _aThe story of Dandi March /
_cby Sandhya Rao; illustrated by Ranjan De
260 _bTulika Publishers
_c2008
_aChennai
270 _a13, Prithvi Avenue, Abhiramapuram
_bChennai
_e600018
300 _aUnpaged
_bphotos
_c28cm(pbk)
500 _aRead and colour freedom stories
700 _a De, Ranjan
_938687
942 _2ddc
_cCH
_mRAO
999 _c60533
_d60533